| 000 | 01516nam a2200385 i 4500 | ||
|---|---|---|---|
| 001 | 53807 | ||
| 003 | KOSZ 005 | ||
| 005 | 20220830093113.0 | ||
| 008 | 130116s2009 pl a f |000 0 pol | ||
| 020 | _a9788392714859 | ||
| 040 |
_cKOSZ 005 _aKOSZ 005 _dKOSZ 005/HR |
||
| 041 | 0 | _apol | |
| 046 | _k2009 | ||
| 080 | _a331.5 | ||
| 080 | _a332.1 | ||
| 100 | 1 |
_aOkupski, Tomasz _d( -2014) _eAutor |
|
| 245 | 1 | 0 |
_aObraz gospodarki województwa zachodniopomorskiego w świetle badań / _cTomasz Okupski ; Wojewódzki Urząd Pracy w Szczecinie, Zachodniopomorskie Obserwatorium Rynku Pracy. |
| 260 |
_aSzczecin : _bWojewódzki Urząd Pracy, _c2009. |
||
| 300 |
_a50 s. : _bil. kolor. ; _c24 cm. |
||
| 336 |
_2rdacontent _aTekst _btxt |
||
| 337 |
_2rdamedia _aBez urządzenia pośredniczącego _bn |
||
| 338 |
_2rdacarrier _aWolumin _bnc |
||
| 380 | _aKsiążki | ||
| 388 | _a2001- | ||
| 500 | _aNa okł.: Raport z badań realizowanych w ramach projektu "Regionalny Barometr Gospodarki" | ||
| 650 | 7 | _aGospodarka | |
| 650 | 7 | _aRynek pracy | |
| 651 | 4 | _aWojewództwo zachodniopomorskie (1999- ) | |
| 655 | _aDane statystyczne | ||
| 658 | _aGospodarka, ekonomia, finanse | ||
| 710 | 1 | _aWojewódzki Urząd Pracy (Szczecin) | |
| 710 | 2 | _aZachodniopomorskie Obserwatorium Rynku Pracy | |
| 856 |
_uhttp://koha.tu.koszalin.pl/cgi-bin/koha/opac-detail.pl?biblionumber=53807 _yKatalog online BPK |
||
| 942 |
_cKS _2UKD |
||
| 999 |
_c53807 _d53807 |
||